00685nam a2200193 i 4500001000700000003000900007005001700016007000300033008004100036100004100077245005900118250002400177260004000201300003600241650003900277852003400316999001900350952012200369137593ES-MaACL20250823105354.0t|070214m19421946mx r ||||1| spa d1 aSalazar, Adolfo, d1890-1958910179813aLa música en la sociedad europea / cAdolfo Salazar. a1ª ed. española. aMéxico : bEl Colegio, c1942-46. a4 v. : bil., mús. ; c24 cm. 7aMúsica y sociedad2embne9169553 aES-MaACLjB-2285-88 bR.38939 c137593d137593 00104070aATENEOMbATENEOMcSPBd2008-01-17eSCl0oB-2285-88p1143183r2023-02-23 00:00:00w2023-02-23yMONOGRAFIA